| 000 | 00926cad a22002295a 4500 | ||
|---|---|---|---|
| 001 | E151416 | ||
| 008 | 101102s2008 xxk f 100 0 eng d | ||
| 020 | _a9781842194348 | ||
| 035 | _a(Sirsi) u151416 | ||
| 041 | 0 | _aeng | |
| 100 | 1 |
_aHore, A. V. _cDr |
|
| 111 | 2 |
_aConstruction and Building Research Conference _cDublin Institute of Technology, Dublin _d4-5 September 2008 |
|
| 245 | 0 | 0 |
_aProposal for a construction industry digital competency centre for Ireland _h[electronic resource] |
| 260 |
_aLondon _bRICS _c2008 |
||
| 520 | _aA paper presented at the COBRA Conference 2008 in Dublin. | ||
| 590 | _aKA | ||
| 650 | 2 | 4 | _aCONSTRUCTION AND BUILDING RESEARCH CONFERENCE (COBRA) |
| 651 | 4 |
_aIreland (Republic of) _y |
|
| 690 | _aCAREERS, EDUCATION AND TRAINING | ||
| 856 | 4 | 0 |
_uhttps://www.rics.org/site/scripts/download_info.aspx?fileID=3182&categoryID=525 _zView the item free of charge at www.rics.org |
| 942 | _n0 | ||
| 999 |
_c111356 _d111356 |
||